00987 2200313 4500001002100000005001500021035002000036007000300056008004100059020002200100040002200122082001600144084001800160090002200178100003300200245013300233250002600366300003400392650002800426700002600454850001200480504003300492264003000525336002100555337003000576338002300606999002200629990002200651INLIS00000000088185320230915113624 a0010-0923000445ta230915s2023 yoi g ind d a978-979-21-7628-5 aYOPDYOGbinderda04223a121.686 a121.686 BAG j aCB-D.11 2023-19881 aBagus Laksana, A.epengarang10aJalan melingkar :bmenafsir politik, etika dan agama bersama Paul Ricoeur (1913-2005) /cA. Bagus Laksana; penyunting, Lius Kiik aCetakan pertama, 2023 a143 halaman :bbagan ;c21 cm 4aInterpretasi (Filsafat)0 aLius Kiikepenyunting aYOPDYOG aBibliografi: halaman 139-14231aSleman :bKanisius,c2023 2rdacontentateks 2rdamediaatanpa perantara 2rdacarrieravolume aCB-D.11/2023-1988 aCB-D.11/2023-1988